| 000 | 00581nam a2200217 a 4500 | ||
|---|---|---|---|
| 001 | 014367 | ||
| 003 | BD-ChCU | ||
| 008 | Ben | ||
| 020 | _a | ||
| 040 |
_aDLC _cDLC _dBD-ChCU |
||
| 082 | 0 | 0 | _a৫৩১.৩২/ফ্রেঞ্চ৬১ক |
| 100 | 1 |
_aফ্রেঞ্চ, এ.পি. _b- |
|
| 245 | 1 | 0 |
_aকম্পন ও তরংগ _b- |
| 250 | _a*** | ||
| 260 |
_aঢাকা _bবাংলা একাডেমী _c১৯৯১ |
||
| 300 | _a** | ||
| 504 | _a- Biblio- | ||
| 650 | 0 |
_aকম্পন _bতরংগ |
|
| 700 | 1 | _a- | |
| 942 |
_2ddc _cBK |
||
| 999 |
_c14367 _d14367 |
||